Deriváty - účtovanie vo verejnom sektore
Derivát - charakteristika. Členenie derivátov. Oceňovanie derivátov. Evidovanie derivátov v podsúvahovej evidencii. Účtovanie derivátov. Kúpna opcia. Spôsob účtovania v štátnej rozpočtovej organizácii. Spôsob účtovania v obci. Spôsob účtovania vo VÚC. Spôsob účtovania v štátnej príspevkovej organizá...
Guardado en:
| Autor principal: | |
|---|---|
| Formato: | Capítulo de libro |
| Lenguaje: | eslovaco |
| Materias: | |
| Etiquetas: |
Sin Etiquetas, Sea el primero en etiquetar este registro!
|
MARC
| LEADER | 00000naa$a2200000$$$4500 | ||
|---|---|---|---|
| 001 | 0052269 | ||
| 005 | 20231013071525.3 | ||
| 041 | 0 | |a slo | |
| 044 | |a SK | ||
| 245 | 1 | 0 | |a Deriváty - účtovanie vo verejnom sektore |c Jana Mráziková |
| 520 | |a Derivát - charakteristika. Členenie derivátov. Oceňovanie derivátov. Evidovanie derivátov v podsúvahovej evidencii. Účtovanie derivátov. Kúpna opcia. Spôsob účtovania v štátnej rozpočtovej organizácii. Spôsob účtovania v obci. Spôsob účtovania vo VÚC. Spôsob účtovania v štátnej príspevkovej organizácii. Spôsob účtovania v príspevkovej organizácii zriadenej obcou. Spôsob účtovania v príspevkovej organizácii zriadenej VÚC. Zákony. | ||
| 610 | 2 | 0 | |a deriváty |
| 610 | 2 | 0 | |a oceňovanie |
| 610 | 2 | 0 | |a evidencia účtovná |
| 610 | 2 | 0 | |a účtovanie |
| 610 | 2 | 0 | |a opcie |
| 610 | 2 | 0 | |a organizácie rozpočtové |
| 610 | 2 | 0 | |a obce |
| 610 | 2 | 0 | |a vyššie územné celky |
| 610 | 2 | 0 | |a organizácie príspevkové |
| 100 | 1 | |a Mráziková, Jana | |